| 000 | 00666cam a2200217ua 4500 | ||
|---|---|---|---|
| 001 | 11298 | ||
| 005 | 20260515114732.0 | ||
| 008 | 191012n ii |||gr||||Z||||||asm | ||
| 020 | _a9789382056539 | ||
| 040 | _cMAIN | ||
| 082 | _a891.4513 | ||
| 100 |
_a Prafulla Gogoi ., _eEditor-in- chief. |
||
| 245 |
_aJanajatiya mulor asamiya aupanyashikar upanyas : _bbichar aru bishlekhan / _cEdited by Prafulla Gogoi . |
||
| 250 | _a1st ed. | ||
| 260 |
_aDibrugarh: _bBanlata, _c2017. |
||
| 300 | _a361p. | ||
| 653 | _aEast Indo-European & Celtic literatures | ||
| 653 | _aLiterary Articles on Assamese novels | ||
| 700 |
_aChitrajit Saikia, _eEditor., |
||
| 942 | _cBK | ||
| 999 |
_c10140 _d10140 |
||